000 00740nam a2200229 u 4500
001 000062848
005 20200120224255.0
008 140731s2014 ck gr| 000 0 spa d
020 _a9789583802171
_a9786071608079
041 0 _aCspa
043 _ac-k----
090 _aA-C
_bPUE
245 1 0 _aPuertos abiertos :
_bantología de cuento centroamericano /
_cselección y prólogo de Sergio Ramírez.
260 _aBogotá :
_bFondo de Cultura Económica,
_c2014.
300 _a436 p. ;
_e23 cm.
490 0 _aTierra firme
650 1 7 _aCuentos adulto
_2LEMB
650 2 7 _aCuento centroamericano
_2LEMB
650 2 7 _aLiteratura centoamericana
650 2 7 _aRealidad social en la literatura
_2LEMB
700 1 _aRamírez, Sergio
_eprologuista
999 _c8742
_d8742